01268 2200193 4500001002100000005001500021035002000036245004000056100002000096250001700116300003300133260003300166082001000199084001600209020002200225650001700247520078400264500002601048INLIS00000000000064020240827090725 a0010-08240001581 aPiranti Menjahit /cLisyani Affandi0 aLisyani Affandi acetakan ke-5 aiv, 109 hlm :bIlus ;c22 cm aJakarta :bAzka Press,c2006 a745.5 a745.5 LIS p a978-979-571-117-2 4aKeterampilan aUmumnya, kita selalu membeli pakaian dari pasar atau supermarket. Jarang sekali kita membuat pakaian sendiri. Membuat pakaian sendiri mempunyai kelebihan di mana kita dapat memilih bahan dan warna yang tepat sesuai selera kita. Namun demikian, tidak semua orang senang membuat pakaian sendiri. Bahkan lebih banyak orang memilih untuk membeli pakaian jadi. Untuk membuat pakaian sendiri, kita perlu memiliki piranti menjahitnya. Nah, pada buku ini kita dapat belajar banyak tentang: 1. Keuntungan keterampilan menjahit 2. Macam-macam tusuk jahit atau tusuk hias 3. Piranti menjahit 4. Alat atau bahan untuk membuat macam-macam tusuk jahit atau tusuk hias 5. Praktek membuat macam-macam tusuk jahit atau tusuk hias 6. Praktek membuat keperluan pribadi dan lenan rumah tangga aSeri Keterampilan PKK